Lived Pentecostalism in India: Middle Class Women and Their Everyday Religion (Record no. 23704)
[ view plain ]
| 000 -LEADER | |
|---|---|
| fixed length control field | 00552nam a22001697a 4500 |
| 003 - CONTROL NUMBER IDENTIFIER | |
| control field | OSt |
| 005 - DATE AND TIME OF LATEST TRANSACTION | |
| control field | 20260327124701.0 |
| 008 - FIXED-LENGTH DATA ELEMENTS--GENERAL INFORMATION | |
| fixed length control field | 260327b |||||||| |||| 00| 0 eng d |
| 040 ## - CATALOGING SOURCE | |
| Transcribing agency | LOC |
| 082 ## - DEWEY DECIMAL CLASSIFICATION NUMBER | |
| Classification number | 270.82 |
| Item number | KUH |
| 100 ## - MAIN ENTRY--PERSONAL NAME | |
| Personal name | Kuhlin Julia |
| 245 ## - TITLE STATEMENT | |
| Title | Lived Pentecostalism in India: Middle Class Women and Their Everyday Religion |
| 260 ## - PUBLICATION, DISTRIBUTION, ETC. | |
| Place of publication, distribution, etc. | Sweden |
| Name of publisher, distributor, etc. | Uppsala University |
| Date of publication, distribution, etc. | 2022 |
| 500 ## - GENERAL NOTE | |
| General note | Christian context and women’s lived religious experience. |
| 650 ## - SUBJECT ADDED ENTRY--TOPICAL TERM | |
| Source of heading or term | Christian context and women’s lived religious experience. |
| 942 ## - ADDED ENTRY ELEMENTS (KOHA) | |
| Source of classification or shelving scheme | Dewey Decimal Classification |
| Koha item type | Books |
| Suppress in OPAC | No |
| Withdrawn status | Lost status | Source of classification or shelving scheme | Damaged status | Not for loan | Home library | Current library | Shelving location | Date acquired | Source of acquisition | Total checkouts | Full call number | Barcode | Date last seen | Price effective from | Koha item type |
|---|---|---|---|---|---|---|---|---|---|---|---|---|---|---|---|
| Dewey Decimal Classification | Henry Martyn Institute Library | Henry Martyn Institute Library | General stacks | 03/27/2026 | Director | 270.82 KUH | 11004952 | 03/27/2026 | 03/27/2026 | Books |
